000
00257nam a2200109Ia 4500
999
_c
9465
_d
9465
020
_a
978-0074710647
100
_a
Alan Williams
245
0
_a
So You Want to Start Your Own Business
260
_a
New Jersey
_b
Thomson South
_c
1994
300
_a
336
942
_c
BK